|
|
|
|
| LEADER |
00000cam a2200000 i 4500 |
| 001 |
1/104757 |
| 008 |
950605t1984 gr ||| | gre|| |
| 035 |
|
|
|l 10013382
|
| 040 |
|
|
|a GR-MyUA
|b gre
|e AACR2
|
| 041 |
0 |
|
|a gre
|
| 082 |
0 |
|
|a 398.87
|
| 100 |
1 |
|
|a Πολίτης, Αλέξης,
|d 1945-
|
| 245 |
1 |
2 |
|a Η ανακάλυψη των Ελληνικών δημοτικών τραγουδιών :
|b προϋποθέσεις, προσπάθειες και η δημιουργία της πρώτης συλλογής /
|c Αλέξης Πολίτης.
|
| 260 |
|
|
|a Αθήνα :
|b Θεμέλιο,
|c 1984.
|
| 300 |
|
|
|a 422 σ. ;
|c 21 εκ.
|
| 650 |
0 |
0 |
|a Folk songs, Greek.
|
| 650 |
0 |
0 |
|a Folk literature
|z Greece.
|
| 650 |
0 |
0 |
|a Popular music
|z Greece.
|
| 852 |
|
|
|a INST
|b LESVOS
|e 19950605
|h 398.87 ΠΟΛ
|p 005100004024
|q 005100004024
|t BK
|y 0
|
| 852 |
|
|
|a INST
|b LESVOS
|e 19950605
|h 398.87 ΠΟΛ
|p 005100004025
|q 005100004025
|t BK
|y 0
|
| 852 |
|
|
|a INST
|b SAMOS
|e 20221201
|h 398.87 ΠΟΛ
|p 005300047540
|q 005300047540
|t BK
|y 0
|
| 909 |
|
|
|a Λ
|b 006257
|